A Critical Evaluation of Preaching of Bakht Singh: A Homiletic Perspective (Record no. 23275)

MARC details
000 -LEADER
fixed length control field 00343nam a22001337a 4500
082 ## - DEWEY DECIMAL CLASSIFICATION NUMBER
Classification number 264.6 RAM
100 ## - MAIN ENTRY--AUTHOR NAME
Author name Ram
245 ## - TITLE STATEMENT
Title A Critical Evaluation of Preaching of Bakht Singh: A Homiletic Perspective
260 ## - PUBLICATION, DISTRIBUTION, ETC. (IMPRINT)
Place of publication Hyderabad
Name of publisher Henry Martyn Institute (ARRC)
Year of publication 2022
300 ## - PHYSICAL DESCRIPTION
Number of Pages 90
650 ## - SUBJECT ADDED ENTRY--TOPICAL TERM
Topical Term Homiletics
942 ## - ADDED ENTRY ELEMENTS (KOHA)
Koha item type Thesis
Holdings
Collection code Home library Current library Shelving location Date acquired Source of acquisition Full call number Accession Number Koha item type
Reference Henry Martyn Institute Library Henry Martyn Institute Library Reference 06/28/2022 Ram (M.Th student-ARRC-Id 264320) 264.6 RAM 11-4620 Thesis
                   Copyright © 2026 | Henry Martyn Institute | Hyderabad | TS-500052 | INDIA | Implemented by hmi.edu.in
Hit-Count:

Powered by Koha